| 000 | 00548nam a2200205Ia 4500 | ||
|---|---|---|---|
| 999 |
_c18258 _d18258 |
||
| 082 | _a304.608 POP; | ||
| 245 | 0 | _aPopulation in history: essays in historical demography | |
| 260 |
_aLondon _bEdward Arnold _c1965 |
||
| 300 | _a692p. | ||
| 650 | _aEssays | ||
| 650 | _aPopulation - Economic aspects | ||
| 650 | _aPopulation density | ||
| 650 | _aHistorical demography | ||
| 650 | _aPopulation geography | ||
| 650 | _aPopulation - History | ||
| 650 | _aSocial change | ||
| 700 | _aEversley, D.E.C. | ||
| 700 | _aGlass, D.V. | ||
| 942 | _cBK | ||